000 00480nam a2200169Ia 4500
003 LK-CoDNM
008 010623t2012 xxu||||| |||| 00| 1 sin d
040 _aLK-CoDNM
_dLK-CoDNM
_eLK-CoDNM
041 _asin
080 _a355
100 _aJagathchandra,Nihal
245 _aයුධ අපරාධ චෝදනාවේ ඇත්ත කථාව
246 _aUdha Aparada Chodanawe Aththa Kathawa
260 _bGodage
_aColombo
_c2012
300 _b160, 21 cm
942 _cBK
999 _c132743
_d132743